Don Álvaro de Luna (1390-1453) : (Record n. 36614)

Dettagli MARC
000 -LEADER
fixed length control field 00907nam a2200265 i 4500
003 - CONTROL NUMBER IDENTIFIER
control field IT-RoINE
005 - DATE AND TIME OF LATEST TRANSACTION
control field 20220301090720.0
008 - FIXED-LENGTH DATA ELEMENTS--GENERAL INFORMATION
fixed length control field 210521s2021 sp a |r|||| 001 |dspa d
020 ## - INTERNATIONAL STANDARD BOOK NUMBER
International Standard Book Number 9788417945473
040 ## - CATALOGING SOURCE
Original cataloging agency SpMaBN
Language of cataloging spa
Transcribing agency SpMaBN IT-RoINE
Description conventions rda
Modifying agency IT-RoINE
100 ## - MAIN ENTRY--PERSONAL NAME
Personal name García Simón, Agustín,
Dates associated with a name 1953-
9 (RLIN) 11692
245 10 - TITLE STATEMENT
Title Don Álvaro de Luna (1390-1453) :
Remainder of title la tragedia de un precursor /
Statement of responsibility, etc Agustín García Simón
260 ## - PUBLICATION, DISTRIBUTION, ETC. (IMPRINT)
Place of publication, distribution, etc Madrid :
Name of publisher, distributor, etc Marcial Pons Historia,
Date of publication, distribution, etc 2021.
300 ## - PHYSICAL DESCRIPTION
Extent 295 p. :
Other physical details il. ;
Dimensions 22 cm
336 ## - CONTENT TYPE
Content type term Texto
Source rdacontent
337 ## - MEDIA TYPE
Source rdamedia
Media type term unmediated
338 ## - CARRIER TYPE
Source rdacarrier
Carrier type term volume
490 1# - SERIES STATEMENT
Series statement Obras singulares
500 ## - GENERAL NOTE
General note Incluye índice.
504 ## - BIBLIOGRAPHY, ETC. NOTE
Bibliography, etc Bibliografía: p. 281-286.
600 14 - SUBJECT ADDED ENTRY--PERSONAL NAME
Personal name Luna, Alvaro de,
Dates associated with a name ca. 1381-1453
9 (RLIN) 63483
651 #4 - SUBJECT ADDED ENTRY--GEOGRAPHIC NAME
Geographic name Castilla (Reino)
General subdivision Historia
Chronological subdivision 1406-1454 (Juan II)
9 (RLIN) 7296
830 #0 - SERIES ADDED ENTRY--UNIFORM TITLE
Uniform title Obras singulares
9 (RLIN) 70943
942 ## - ADDED ENTRY ELEMENTS (KOHA)
Item type Monografías
Dati di copia
Withdrawn status Lost status Damaged status Not for loan Home library Current library Date acquired Full call number Barcode Date last seen Price effective from Koha item type
        Iglesia Nacional Española en Roma Iglesia Nacional Española en Roma 01/03/2022 BIO 2776 64229 01/03/2022 01/03/2022 Monografías